000 00323nam a22001457a 4500
020 _a978-0-7166-2267-3
082 _a001
_bCAR/W
100 _aCHILDCRAFT
245 _aTHE WORLD OF PLANTS
250 _aREVISED PRINTING
260 _aUSA
_bWORLD BOOK
_c2013
300 _a192
650 _aENCYCLOPEDIA
_zINDIA
942 _cBK
999 _c1788
_d1788